000 00855nmm a2200265 a 4500
001 ocm000884649
003 TR-IsHL
005 20201028143849.0
008 141121s2013 tu tur
007 cr cn
020 _a9789754542233
035 _a884649
_b(N$T)
050 0 4 _aPL248.A337
_bR88 2013
090 0 4 _aPL248.A337
_bR88 2013
100 1 _aAğar, Özlem
245 1 0 _aRütbesiz general: Dünyada cenneti yaşayanlar 1
_h[electronic resource] /
_cÖzlem Ağar
260 _aİstanbul :
_bÇağrı Yayınları,
_c2013
300 _a177 p.
650 4 _aDil ve Edebiyat
650 4 _aLanguage and Literature
650 0 _aTürk romanı
650 0 _aTurkish fiction
650 7 _aLITERARY COLLECTIONS / Middle Eastern
_2bisacsh
856 4 0 _uhttp://search.ebscohost.com/login.aspx?direct=true&scope=site&db=e011xww&AN=884649
999 _c9125
_d9125